जल से बनो निरोगी (Record no. 1045083)

MARC details
000 -LEADER
fixed length control field 00667nam a2200181Ia 4500
008 - FIXED-LENGTH DATA ELEMENTS--GENERAL INFORMATION
fixed length control field 151018s9999 xx 000 0 und d
082 ## - DEWEY DECIMAL CLASSIFICATION NUMBER
Item number RBASDV45907
Classification number 910
100 ## - MAIN ENTRY--PERSONAL NAME
Personal name महावीरप्रसाद द्विवेदी
245 ## - TITLE STATEMENT
Title जल से बनो निरोगी
250 ## - EDITION STATEMENT
Remainder of edition statement 1
260 ## - PUBLICATION, DISTRIBUTION, ETC. (IMPRINT)
Name of publisher, distributor, etc शब्दभारती
Date of publication, distribution, etc 2008
300 ## - PHYSICAL DESCRIPTION
Extent 24
600 ## - SUBJECT ADDED ENTRY--PERSONAL NAME
Personal name महावीरप्रसाद द्विवेदी
630 ## - SUBJECT ADDED ENTRY--UNIFORM TITLE
Uniform title जल से बनो निरोगी
700 ## - ADDED ENTRY--PERSONAL NAME
Personal name महावीरप्रसाद द्विवेदी
730 ## - ADDED ENTRY--UNIFORM TITLE
Uniform title जल से बनो निरोगी
942 ## - ADDED ENTRY ELEMENTS (KOHA)
Koha item type Book
Holdings
Withdrawn status Lost status Damaged status Not for loan Home library Current library Date acquired Cost, normal purchase price Total Checkouts Full call number Barcode Date last seen Cost, replacement price Price effective from Koha item type
        R.B. Anant Shivaji Desai Vachanalaya and Granthalaya, Kudal R.B. Anant Shivaji Desai Vachanalaya and Granthalaya, Kudal 07/05/2009 28.00   RBASDV45907 RBASDV45907 10/18/2015 28.00 10/18/2015 Book